000 00417nam a2200145Ia 4500
008 230917s9999||||xx |||||||||||||| ||und||
040 _e18895
_aMAIN
041 _aEnglish
082 _a330.9 K761E
100 _aKnowles, L C A
245 0 _aEconomic development in the nineteenth century: France, Germany, Russia and the United States
260 _aLondon
_bRoutledge
_c1964
300 _aviii, 368 p.
942 _cBK
999 _c38080
_d38080